000 00863cab a2200253 4500
001 WB3308-09
008 090401t1997 xxu||||| |||| 00| 0 eng d
035 _a(Sirsi) u55440
041 _aeng
245 _aOffices set for a rental take-off
260 _c1997
350 _a0
490 _aProperty Week
_v58(6) 14 February 1997, 8(1)
520 _aThe latest "Business Space Bulletin" by Vail Williams shows a significant growth is expected in office rentals in central and southern England.
650 _aBUSINESS SPACE BULLETIN
650 _aCENTRAL ENGLAND
650 _aPROPERTY-COMMERCIAL PROPERTY-OFFICE PROPERTY-OFFICE PROPERTY MARKET
650 _aOFFICE RENTAL VALUES
650 _aSOUTHERN ENGLAND
650 _aVAIL WILLIAMS
690 _aPROPERTY-COMMERCIAL PROPERTY-COMMERCIAL PROPERTY MARKET
942 _n0
948 _c04/03/1997
999 _c33869
_d33869